Prípad čínskeho zvona (Record no. 20714)
[ view plain ]
| 000 -LEADER | |
|---|---|
| fixed length control field | 01781cam a2200481 a 4500 |
| 001 - CONTROL NUMBER | |
| control field | 20714 |
| 003 - CONTROL NUMBER IDENTIFIER | |
| control field | VRT |
| 005 - DATE AND TIME OF LATEST TRANSACTION | |
| control field | 20260130135829.0 |
| 008 - FIXED-LENGTH DATA ELEMENTS--GENERAL INFORMATION | |
| fixed length control field | 240226s1992 xo a gr 000 f slo |
| 015 ## - NATIONAL BIBLIOGRAPHY NUMBER | |
| National bibliography number | SNBA1992/10 |
| 020 ## - INTERNATIONAL STANDARD BOOK NUMBER | |
| International Standard Book Number | 8022003778 |
| Qualifying information | (viazané) |
| 035 ## - SYSTEM CONTROL NUMBER | |
| System control number | SNK000012163 |
| 035 ## - SYSTEM CONTROL NUMBER | |
| System control number | 6140E224-8CB6-48CA-9203-A78823535A1A |
| 035 ## - SYSTEM CONTROL NUMBER | |
| System control number | urn:nbn:sk:snk-am00igiu |
| 039 #9 - LEVEL OF BIBLIOGRAPHIC CONTROL AND CODING DETAIL [OBSOLETE] | |
| Level of rules in bibliographic description | 202408281905 |
| Level of effort used to assign nonsubject heading access points | AUTHORITY |
| Level of effort used to assign subject headings | 202408281904 |
| Level of effort used to assign classification | AUTHORITY |
| Level of effort used to assign subject headings | 202408281848 |
| Level of effort used to assign classification | AUTHORITY |
| Level of effort used to assign subject headings | 202402262113 |
| Level of effort used to assign classification | VLOAD |
| 040 ## - CATALOGING SOURCE | |
| Original cataloging agency | SNK |
| Language of cataloging | slo |
| Transcribing agency | SNK |
| Description conventions | AACR2 |
| 041 1# - LANGUAGE CODE | |
| Language code of text/sound track or separate title | slo |
| Language code of original | eng |
| 044 ## - COUNTRY OF PUBLISHING/PRODUCING ENTITY CODE | |
| MARC country code | xo |
| ISO country code | SK |
| 072 #7 - SUBJECT CATEGORY CODE | |
| Subject category code | 821.111-3 |
| Subject category code subdivision | Anglická próza, anglicky písaná |
| Source | konspekt |
| 080 ## - UNIVERSAL DECIMAL CLASSIFICATION NUMBER | |
| Universal Decimal Classification number | 821.112.5-31 |
| Edition identifier | 2011 |
| 080 ## - UNIVERSAL DECIMAL CLASSIFICATION NUMBER | |
| Universal Decimal Classification number | 821.111-31 |
| Edition identifier | 2011 |
| 080 ## - UNIVERSAL DECIMAL CLASSIFICATION NUMBER | |
| Universal Decimal Classification number | (0:82-312.4) |
| Edition identifier | 2011 |
| 100 1# - MAIN ENTRY--PERSONAL NAME | |
| Personal name | Gulik, Robert van, |
| Dates associated with a name | 1910-1967 |
| Relationship | aut |
| 240 14 - UNIFORM TITLE | |
| Uniform title | The chinese bell murders |
| Language of a work | Slovensky |
| 245 10 - TITLE STATEMENT | |
| Title | Prípad čínskeho zvona |
| Statement of responsibility, etc. | Robert van Gulik ; [z anglického originálu The chinese bell murders ... preložil Ondrej Laurinc] |
| 250 ## - EDITION STATEMENT | |
| Edition statement | 1. vyd. |
| 260 ## - PUBLICATION, DISTRIBUTION, ETC. | |
| Place of publication, distribution, etc. | Bratislava |
| Name of publisher, distributor, etc. | Slovenský spisovateľ |
| Date of publication, distribution, etc. | 1992 |
| Place of manufacture | Nitra |
| Manufacturer | Nitrianske tlačiarne |
| 300 ## - PHYSICAL DESCRIPTION | |
| Extent | 200 strán |
| Other physical details | ilustrácie |
| Dimensions | 21 cm |
| 490 1# - SERIES STATEMENT | |
| Series statement | Zelená knižnica |
| 500 ## - GENERAL NOTE | |
| General note | Ilustrácia na titulnej strane |
| 655 #7 - INDEX TERM--GENRE/FORM | |
| Genre/form data or focus term | holandské romány |
| Source of term | SNKPH |
| 655 #7 - INDEX TERM--GENRE/FORM | |
| Genre/form data or focus term | anglicky písané romány |
| Source of term | SNKPH |
| 655 #7 - INDEX TERM--GENRE/FORM | |
| Genre/form data or focus term | detektívne romány |
| Source of term | SNKPH |
| 700 1# - ADDED ENTRY--PERSONAL NAME | |
| Personal name | Laurinc, Ondrej |
| Relationship | trl |
| 830 #0 - SERIES ADDED ENTRY--UNIFORM TITLE | |
| Uniform title | Zelená knižnica |
| 910 ## - USER-OPTION DATA (OCLC) | |
| User-option data | snk |
| 942 ## - ADDED ENTRY ELEMENTS (KOHA) | |
| Source of classification or shelving scheme | Dewey Decimal Classification |
| Koha item type | Krásna literatúra pre dospelých |
| Suppress in OPAC | No |
| 949 ## - LOCAL PROCESSING INFORMATION (OCLC) | |
| 6 | 17A0110759 |
| 9 | P60, <05>, [BOOK], {605} |
| a | snkSC 82331 D1 |
| 949 ## - LOCAL PROCESSING INFORMATION (OCLC) | |
| 6 | 17A0949092 |
| a | snkSC 82331 |
| b | snkKSP 7175/92 |
| s | 6100:20221121 |
| 949 ## - LOCAL PROCESSING INFORMATION (OCLC) | |
| 6 | 3869A00826 |
| a | bpksh821.111-31 |
| b | bpksh41800 |
| 949 ## - LOCAL PROCESSING INFORMATION (OCLC) | |
| 6 | 273K0191974 |
| a | svkpoA 156937 |
| b | svkpo387308 |
| o | PV 6120/92 |
| Stav vyradenia | Strata | Poškodenie | Spôsob nadobudnutia | Domovská knižnica | Aktuálna knižnica | Dátum nadobudnutia | Total checkouts | Čiarový kód exemplára | Date last seen | Typ exemplára |
|---|---|---|---|---|---|---|---|---|---|---|
| Dar | Obecná knižnica Horná Štubňa | Obecná knižnica Horná Štubňa | 30.01.2026 | 4736200853 | 30.01.2026 | Krásna literatúra pre dospelých |
